000 00572nam a22001457a 4500
020 _a978-0-141-32243-8
082 _a823
_bDIC/O
100 _aDICKENS, CHARLES
245 _aOLIVER TWIST
260 _aLONDON
_bPUFFIN BOOKS
_c2008
300 _a392
520 _aThe story follows the titular orphan, who, after being raised in a workhouse, escapes to London, where he meets a gang of juvenile pickpockets led by the elderly criminal Fagin, discovers the secrets of his parentage, and reconnects with his remaining family.
650 _aNOVEL
_zUNITED KINGDOM
942 _cBK
999 _c3020
_d3020